|
|
|
|
| LEADER |
00752nam a2200193 a 4500 |
| 001 |
GR-MES2495 |
| 008 |
991111s1992 xxk 000 b eng d |
| 020 |
|
|
|a 0750615079
|
| 040 |
|
|
|a GrPaTEI
|b gre
|c GR-PaULI
|
| 245 |
0 |
0 |
|a Bioprocess technology :
|b Modelling and transport phenomena.
|
| 260 |
|
|
|a Oxford :
|b Butterworth-Heinemann,
|c 1992
|
| 300 |
|
|
|a 335σ. :
|b tadl.,διαγρ.
|
| 650 |
|
4 |
|a Βιοτεχνολογία
|
| 710 |
2 |
|
|a Open university
|
| 710 |
2 |
|
|a Thames polytechnic
|
| 942 |
|
|
|2 ddc
|
| 952 |
|
|
|0 0
|1 0
|2 ddc
|4 0
|6 660_600000000000000_BIO
|7 0
|9 266895
|a MSLG
|b MSLG
|c BSC
|d 2021-01-17
|e 24
|f 0
|g 0.00
|l 0
|o 660.6 BIO
|p 2420000013699
|r 2021-01-17 00:00:00
|t 1
|w 2021-01-17
|y BK15
|x 19991111 0 1
|x GrPaTEI
|
| 971 |
|
|
|a .b25735408
|b 15-04-20
|c 13-09-16
|
| 999 |
|
|
|c 153592
|d 153592
|